| 000 | 00795nam0a2200289 4500 | ||
|---|---|---|---|
| 001 | RU\NLR\bibl\54351 | ||
| 005 | 20250616085155.0 | ||
| 010 |
_a5-237-02788-1 _95000 |
||
| 021 |
_aRU _b99-30835 _91503 |
||
| 035 | _a(NLR Aleph) 000053034 | ||
| 090 |
_a285154 _c285154 |
||
| 100 | _a19991022d1999 |||y0rusy50 ca | ||
| 101 | 0 | _arus | |
| 102 | _aRU | ||
| 105 | _ay ||||||||| | ||
| 200 | 1 |
_aОбреченный рай _e[Роман] _fС. Харлов |
|
| 210 |
_aМ. _cАСТ _d1999 |
||
| 215 |
_a699, [2] с. _d21 |
||
| 686 | _aШ6(2=Р)75-440.4 | ||
| 700 | 1 |
_aХарлов _bС. _gСергей _4070 |
|
| 801 | 0 |
_aRU _bNLR _c19991022 _gPSBO |
|
| 801 | 1 |
_aRU _bNLR _c19991022 |
|
| 852 |
_aNLR _j99-3/12981 |
||
| 942 | _cBOOK | ||
| 980 | _aNB | ||